000 00668nam a2200217Ii 4500
003 JO-AjNU
008 230605s9999||||xx |||||||||||||| ||und||
017 _a2003/1685
040 _aJO-AjNU
_bara
_erda
_cJO-AjNU
041 _aara
050 1 4 _aBP75.2.M8762.2003
100 3 _aمراد، مصطفى,
_eauthor
_935210
245 0 0 _aحكايات الرسول صلى الله عليه وسلم
250 _aط1
264 3 1 _aالقاهرة:دار الفجر للتراث ،2003
300 _a222ص
336 _atext
_btxt
_2rdacontent
337 _aunmediated
_bn
_2rdamedia
338 _avolume
_bnc
_2rdacarrier
650 4 _aالسيرة النبوية
_935211
999 _aA14513
_c18081
_d18081